Campeones de la Copa Sudamericana - Estadísticas

Estadísticas generales
  • Esta prueba ha sido intentada 78 veces
  • La puntuación promedio es 18 de 24
Estadísticas de respuestas
Año Campeón Subcamepón % Correcto
2004 Boca Juniors Bolívar
98%
2005 Boca Juniors Pumas UNAM
98%
2014 River Plate Atlético Nacional
95%
2024 Racing Club Cruzeiro
92%
2013 Lanús Ponte Preta
90%
2025 Lanús Atlético Mineiro
90%
2010 Independiente Goiás
89%
2017 Independiente Flamengo
89%
2002 San Lorenzo Atlético Nacional
82%
2009 Liga de Quito Fluminense
75%
2023 Liga de Quito Fortaleza
75%
2012 São Paulo Tigre
75%
2016 Chapecoense Atlético Nacional
70%
2019 Independiente del Valle Colón
66%
2022 Independiente del Valle São Paulo
66%
2020 Defensa y Justicia Lanús
64%
2007 Arsenal de Sarandí América
59%
2018 Atlético Paranaense Junior
59%
2021 Atlético Paranaense Bragantino
59%
2011 Universidad de Chile Liga de Quito
57%
2008 Internacional Estudiantes de la Plata
56%
2003 Cienciano River Plate
52%
2006 Pachuca Colo-Colo
52%
2015 Santa Fe Huracán
52%
No se encontraron pruebas coincidentes
Distribución de puntuación
Porcentaje de gente con cada puntuación
Porcentaje por número respondido
Historial de tus puntuaciones
No has intentado esta prueba.